LEADER 01232nam a2200265 i 4500 001 000000356957 003 CaOOAMICUS 005 20251218121058.0 008 240129s2000 fr u000 u fre u 020 $a2-88011-208-7 020 $a978-2-88011-208-0 040 $aSeMil$bita 100 1 $aJournet, Charles,$c.$0(OLS)http://semarc/name/2073 245 10$a3: Sa structure interne et son unité catholique. Deuxième partie /$cCharles Journet. 264 1$aSaint-Maurice :$bSaint-Augustin,$c2000. 300 $aP. 1020-2275 ;$c25 cm 773 0 $aJournet, Charles $tÉglise du verbe incarné.$dSaint-Maurice : Saint-Augustin, 1998-2005.$g3$w()11250 850 $aSeMil 852 $aSeMil$W1$xVenegono$y1$m2B V 453$j265561$B248147$CSeMilBibl$Z2$F248147 $81 961 $aBuzzi mons. Franco - Omaggio 996 $6020$a2-88011-208-7$9(OLS)http://semarc/number/304991 996 $6020$a978-2-88011-208-0$9(OLS)http://semarc/number/304992 996 $6245$a3: Sa structure interne et son unité catholique. Deuxième partie$9(OLS)http://semarc/title/457497 996 $6264$aSaint-Maurice :$bSaint-Augustin$9(OLS)http://semarc/publisher/55708 LEADER 01259nam a2200277 4500 001 000000354365 003 CaOOAMICUS 005 20230622102331.0 008 230621s1988 it 000 u ita r 020 $a88-420-3239-5 040 $aSeMil$bita 100 1 $aDalla Chiara Scabia, Maria Luisa.$0(OLS)http://semarc/name/57361 245 13$aLa scimmia allo specchio :$bosservarsi per conoscere /$cM. L. Dalla Chiara, G. Toraldo di Francia. 264 1$aRoma ; Bari :$bLaterza,$c1988. 300 $a185 p. ;$c21 cm 490 1 $aSagittari Laterza ;$v17 650 4$aUomo - Evoluzione.$0(OLS)http://semarc/subject/4575 700 1 $aToraldo di Francia, Giuliano$b<1916-2011>.$0(OLS)http://semarc/name/35079 830 0$aSagittari Laterza ;$v17.$0(OLS)http://semarc/title/6931 850 $aSeMil 852 $aSeMil$W1$xVenegono$y1$m3X II 245$j242770$B245630$CSeMilBibl$Z2$F245630 $81 961 $aPolezzo Stefanin - Lascito. -- Con dedica autografa (Natale 1988) 996 $6020$a88-420-3239-5$9(OLS)http://semarc/number/298397 996 $6245$aLa scimmia allo specchio :$bosservarsi per conoscere$9(OLS)http://semarc/title/444506 996 $6264$aRoma ; Bari :$bLaterza$9(OLS)http://semarc/publisher/30305